Statistiques concernant Culture Générale - Série 553

Cliquez ici pour prendre le quiz!

Statistiques générales

  • Ce quiz a été pris 84 fois
  • Le résultat moyen est 8 sur 10

Statistiques - réponses

QuestionRéponse% Correct
Selon l'expression, quelle épée peut-on avoir suspendue au-dessus de sa tête ?L'épée de Damoclès
96%
Quel livre Antoine de Saint-Exupéry a-t-il dédié "à Léon Werth, quand il était petit garçon" ?Le Petit Prince
94%
De quels animaux les gens souffrant d'arachnophobie ont-ils peur ?araignées
92%
Quel gâteau à la crème pralinée, créé en 1891, tient son nom d'une course cycliste ?paris-brest
90%
Complétez le titre de cette chanson de Patrick Hernandez en 1979 : "Born to Be...Alive
90%
En France, qui est le chef des armées ?Le président de la République
81%
Quel organe Jeanne Mas a-t-elle "en stéréo" selon le titre de sa chanson de 1985 ?coeur
76%
Quel lac Mort Shuman a-t-il chanté en 1972 ?Le lac Majeur
63%
Qui chante le titre "L'Accordéoniste" en 1940 ?Edith Piaf
59%
Qui chante le titre "Musulmanes" en 1986 ?Michel Sardou
39%

Distribution des résultats

Percentile par nombre de réponses

% des personnes avec chaque résultat

Votre développement - résultats

Vous n’avez pas pris ce quiz